| 000 | 00690nam a22002175a 4500 | ||
|---|---|---|---|
| 003 | OSt | ||
| 005 | 20201124141902.0 | ||
| 008 | 170919s1966 le fr 000 0 ara d | ||
| 040 |
_aEG-ScBUE _bara _cEG-ScBUE |
||
| 082 | 0 | 4 |
_a149.7 _bق ص ي _222 |
| 100 | 1 | _aقصيمي، عبد الله. | |
| 245 | 1 | 0 |
_aهذا الكون ما ضميره / _cعبد الله القصيمي. |
| 246 | 3 |
_aهذا الكون : _bما ضميره |
|
| 250 | _aط. 1. | ||
| 260 |
_aبيروت : _bدار الكاتب العربي، _c1966. |
||
| 300 |
_a559 ص. ؛ _c24 سم. |
||
| 650 | 7 |
_aالإلحاد والملحدون. _2BUEsh _916741 |
|
| 651 | _2BUEsh | ||
| 653 |
_bGGEN _cSeptember2017 |
||
| 942 |
_cBB _2ddc |
||
| 999 |
_c7546 _d7546 |
||